[Event "EU-ch (Women) 24th"]
[Site "Rhodes"]
[Date "2024.04.29"]
[Round "10"]
[White "Golsta, Ramona"]
[Black "Belluire, Beatrice"]
[Result "0-1"]
[WhiteElo "1867"]
[BlackElo "2070"]
[PlyCount "86"]
[EventDate "2024.04.19"]
[EventType "swiss"]
[EventRounds "10"]
[EventCountry "GRE"]
[SourceTitle "CB18_2024"]
[SourceDate "2024.05.01"]
[SourceVersion "1"]
[SourceVersionDate "2024.05.01"]
[SourceQuality "2"]

1. d4 d5 2. c4 e6 3. Nc3 a6 4. cxd5 exd5 5. Qb3 Bd6 6. Nf3 Ne7 7. g3 c6 8. Bg2 Qc7 9. e4 dxe4 10. Nxe4 Nd5 11. Nxd6+ Qxd6 12. 0-0 0-0 13. Ne5 Nd7 14. f4 a5 15. Bd2 a4 16. Qc4 N7b6 17. Qc5 Rd8 18. Qxd6 Rxd6 19. Rae1 f6 20. Nd3 Bf5 21. Nc5 Nc4 22. Bc3 b6 23. Ne4 Re6 24. Nd2 Nce3 25. Bxd5 cxd5 26. Rf3 Rae8 27. Nf1 Nc4 28. Rxe6 Rxe6 29. Nd2 Ne3 30. Nf1 Nd1 31. Bb4 Nxb2 32. Re3 Rc6 33. Rc3 Re6 34. Re3 Be4 35. Nd2 Nd3 36. Ba3 f5 37. Nf3 Rc6 38. Ne5 Rc3 39. Bb2 Rc2 40. Nxd3 Bxd3 41. Rxd3 Rxb2 42. Rd1 a3 43. Ra1 b5 0-1

[Event "EU-ch (Women) 24th"]
[Site "Rhodes"]
[Date "2024.04.28"]
[Round "9"]
[White "Stojkovska, Monika"]
[Black "Golsta, Ramona"]
[Result "0-1"]
[WhiteElo "2057"]
[BlackElo "1867"]
[PlyCount "86"]
[EventDate "2024.04.19"]
[EventType "swiss"]
[EventRounds "10"]
[EventCountry "GRE"]
[SourceTitle "CB18_2024"]
[SourceDate "2024.05.01"]
[SourceVersion "1"]
[SourceVersionDate "2024.05.01"]
[SourceQuality "2"]

1. e4 c5 2. Nf3 Nc6 3. d4 cxd4 4. Nxd4 e5 5. Nb5 d6 6. N1c3 a6 7. Na3 b5 8. Nd5 Nf6 9. Bg5 Be7 10. Bxf6 Bxf6 11. c4 b4 12. Nc2 a5 13. g3 Bg5 14. h4 Bh6 15. Bh3 Be6 16. Bxe6 fxe6 17. Nde3 Bxe3 18. Nxe3 0-0 19. Nc2 a4 20. 0-0 b3 21. Na3 Nd4 22. Nb5 Nf3+ 23. Kg2 Nxh4+ 24. gxh4 Qxh4 25. f3 Rf6 26. Rf2 Raf8 27. Nxd6 Rg6+ 28. Kf1 Qh3+ 29. Ke2 Rg2 30. Qd3 Rxf2+ 31. Kxf2 Qh2+ 32. Ke3 Qxb2 33. Rb1 Qxa2 34. c5 Qg2 35. Qf1 Qxf1 36. Rxf1 a3 37. c6 a2 38. Nc4 Rc8 39. Kd3 Rxc6 40. Nb2 Rc2 41. Na4 b2 42. Nxb2 Rxb2 43. Ra1 h5 0-1

[Event "EU-ch (Women) 24th"]
[Site "Rhodes"]
[Date "2024.04.27"]
[Round "8"]
[White "Isgandarova, Khadija"]
[Black "Golsta, Ramona"]
[Result "1-0"]
[WhiteElo "2102"]
[BlackElo "1867"]
[PlyCount "59"]
[EventDate "2024.04.19"]
[EventType "swiss"]
[EventRounds "10"]
[EventCountry "GRE"]
[SourceTitle "CB18_2024"]
[SourceDate "2024.05.01"]
[SourceVersion "1"]
[SourceVersionDate "2024.05.01"]
[SourceQuality "2"]

1. e4 c5 2. Nf3 Nc6 3. Bb5 e5 4. 0-0 Bd6 5. c3 a6 6. Ba4 b5 7. Bc2 c4 8. d4 cxd3 9. Qxd3 Bc7 10. a4 b4 11. Bb3 a5 12. Bg5 Nf6 13. Nbd2 0-0 14. Rfd1 Rb8 15. Bd5 Ne7 16. Bxf6 gxf6 17. Nh4 Rb6 18. Nc4 Ra6 19. Ne3 f5 20. Nhxf5 Nxf5 21. Nxf5 Rg6 22. cxb4 axb4 23. Rac1 Qg5 24. Qg3 Qf6 25. Qb3 Qg5 26. g3 Ba5 27. Bxf7+ Kh8 28. Bxg6 hxg6 29. Nd6 Qf6 30. Rxc8 1-0

[Event "EU-ch (Women) 24th"]
[Site "Rhodes"]
[Date "2024.04.25"]
[Round "6"]
[White "Kordzadze, Nino"]
[Black "Golsta, Ramona"]
[Result "1/2-1/2"]
[WhiteElo "1976"]
[BlackElo "1867"]
[PlyCount "147"]
[EventDate "2024.04.19"]
[EventType "swiss"]
[EventRounds "10"]
[EventCountry "GRE"]
[SourceTitle "CB18_2024"]
[SourceDate "2024.05.01"]
[SourceVersion "1"]
[SourceVersionDate "2024.05.01"]
[SourceQuality "2"]

1. d4 d5 2. c4 e6 3. Nf3 Nf6 4. Nc3 Be7 5. Bf4 a6 6. c5 Nh5 7. e3 Nd7 8. b4 c6 9. Bd3 Nxf4 10. exf4 Qc7 11. g3 b6 12. Qc2 a5 13. b5 bxc5 14. bxc6 Qxc6 15. Bb5 Qc7 16. Na4 c4 17. Ne5 Rb8 18. Bxd7+ Bxd7 19. Nc3 Bb4 20. 0-0 0-0 21. h4 f6 22. Nf3 Be8 23. Rfe1 Bg6 24. Qc1 Qd6 25. Qe3 Rb6 26. Kg2 Bxc3 27. Qxc3 Qb4 28. Qe3 Rfb8 29. Nd2 a4 30. Rac1 Qd6 31. g4 h6 32. g5 Bf5 33. Qg3 hxg5 34. hxg5 fxg5 35. Qxg5 Qd8 36. Qh5 Qf6 37. Nxc4 dxc4 38. Rxc4 a3 39. Re3 Ra8 40. Rxa3 Be4+ 41. f3 Bxf3+ 42. Rxf3 Rb2+ 43. Kg3 Rbxa2 44. Qg5 Qxg5+ 45. fxg5 R8a5 46. Rc5 Rxc5 47. dxc5 Rc2 48. g6 Rxc5 49. Kg4 Rc8 50. Re3 Re8 51. Kf4 Rf8+ 52. Kg5 Rf5+ 53. Kg4 Rf6 54. Kg5 Kf8 55. Re5 Ke7 56. Ra5 Rf5+ 57. Rxf5 exf5 58. Kxf5 Kd6 59. Kg5 Ke6 60. Kh5 Kf6 61. Kh4 Kxg6 62. Kg4 Kf6 63. Kf4 g6 64. Kg4 g5 65. Kg3 Kf5 66. Kf3 g4+ 67. Kg3 Kg5 68. Kg2 Kf6 69. Kg3 Kf5 70. Kg2 Kf4 71. Kf2 g3+ 72. Kg2 Kg4 73. Kg1 Kh3 74. Kh1 1/2-1/2

[Event "EU-ch (Women) 24th"]
[Site "Rhodes"]
[Date "2024.04.22"]
[Round "4"]
[White "Paasikangas Tella, Johanna"]
[Black "Golsta, Ramona"]
[Result "1-0"]
[WhiteElo "2080"]
[BlackElo "1867"]
[PlyCount "111"]
[EventDate "2024.04.19"]
[EventType "swiss"]
[EventRounds "10"]
[EventCountry "GRE"]
[SourceTitle "CB18_2024"]
[SourceDate "2024.05.01"]
[SourceVersion "1"]
[SourceVersionDate "2024.05.01"]
[SourceQuality "2"]

1. d4 d5 2. c4 e6 3. Nc3 c5 4. cxd5 exd5 5. Nf3 Nc6 6. g3 Nf6 7. Bg2 cxd4 8. Nxd4 Bc5 9. Nb3 Bb4 10. 0-0 Be6 11. Nd4 0-0 12. a3 Bc5 13. Nxe6 fxe6 14. e3 a6 15. b4 Ba7 16. b5 Ne5 17. bxa6 bxa6 18. Ne2 Nc4 19. Nf4 Qd6 20. Qe2 g5 21. Nd3 h6 22. Nb2 Nxa3 23. Qd3 Nb5 24. Qg6+ Kh8 25. Qxh6+ Nh7 26. Nd3 Rac8 27. Bb2+ d4 28. Be4 Rf7 29. Bxh7 Rxh7 30. Qxg5 Nc3 31. Qf6+ Kg8 32. Bxc3 Rxc3 33. Nf4 Rc6 34. exd4 Bxd4 35. Qg6+ Rg7 36. Qe8+ Kh7 37. Ra5 Bc5 38. Qh5+ Kg8 39. Ne2 Qc7 40. Ra4 Qf7 41. Qe5 Qd7 42. Qe4 Qc7 43. Kg2 e5 44. Qd5+ Kf8 45. Rc4 Rd7 46. Qe4 Rf7 47. f3 Rh6 48. Rfc1 Qd7 49. h4 Bb6 50. Rc8+ Ke7 51. Qxe5+ Re6 52. Qg5+ Rff6 53. Nf4 Qd2+ 54. Kh3 Rd6 55. Qg7+ Rf7 56. Qe5+ 1-0

[Event "EU-ch (Women) 24th"]
[Site "Rhodes"]
[Date "2024.04.20"]
[Round "2"]
[White "Guillo Longares, Cecilia"]
[Black "Golsta, Ramona"]
[Result "0-1"]
[WhiteElo "2101"]
[BlackElo "1867"]
[PlyCount "84"]
[EventDate "2024.04.19"]
[EventType "swiss"]
[EventRounds "10"]
[EventCountry "GRE"]
[SourceTitle "CB18_2024"]
[SourceDate "2024.05.01"]
[SourceVersion "1"]
[SourceVersionDate "2024.05.01"]
[SourceQuality "2"]

1. d4 d5 2. c4 e6 3. Nc3 c5 4. cxd5 exd5 5. Nf3 Nc6 6. g3 Nf6 7. Bg2 Be7 8. 0-0 0-0 9. Bg5 cxd4 10. Nxd4 h6 11. Be3 Re8 12. Rc1 Bf8 13. Qc2 Ne5 14. Ncb5 Nc4 15. Bf4 g5 16. Bc7 Qe7 17. Bxd5 Nxd5 18. Qxc4 Qe4 19. Qd3 a6 20. Nd6 Bxd6 21. Bxd6 Qxd3 22. exd3 Bh3 23. Rfd1 Rad8 24. Bc5 b6 25. Ba3 Nf4 26. gxf4 Rxd4 27. Rc6 Rxf4 28. Bd6 Rd4 29. Rxb6 Rxd3 30. Rc1 Rd8 31. Rxa6 R8xd6 32. Ra8+ Kg7 33. f4 Rd2 34. Ra3 g4 35. b4 Rg2+ 36. Kh1 Rdd2 37. Rg3 Rxh2+ 38. Kg1 Rxa2 39. Rb1 Rhb2 40. Rb3 Rg2+ 41. Kh1 Rh2+ 42. Kg1 Rag2+ 0-1

[Event "Swiss Queens Wed #9"]
[Site "FIDE Online Arena INT"]
[Date "2024.03.27"]
[Round "7"]
[White "Golsta, Ramona"]
[Black "Hilario, Aleyla"]
[Result "0-1"]
[WhiteElo "1867"]
[BlackElo "1932"]
[PlyCount "106"]
[EventDate "2024.03.27"]
[EventType "swiss (blitz)"]
[EventRounds "11"]
[EventCountry "NET"]
[SourceTitle "CB14_2024"]
[SourceDate "2024.04.01"]
[SourceVersion "1"]
[SourceVersionDate "2024.04.01"]
[SourceQuality "1"]

1. d4 d5 2. Nf3 Nf6 3. Bg5 Ne4 4. Bf4 c5 5. c3 Qb6 6. Qc1 Nc6 7. e3 Bg4 8. Be2 Rc8 9. Nbd2 cxd4 10. Nxd4 Bxe2 11. Nxe2 Nc5 12. Qc2 e5 13. Bg3 Bd6 14. 0-0 0-0 15. e4 d4 16. cxd4 Nxd4 17. Nxd4 Ne6 18. Qb3 Qxd4 19. Rad1 Nc5 20. Qd5 Qxd5 21. exd5 Bb8 22. Nc4 f6 23. Ne3 Rfd8 24. Nf5 Kf7 25. d6 Rc6 26. f4 exf4 27. Bxf4 Ne4 28. d7 Bxf4 29. Rxf4 Nc5 30. Rc4 b6 31. b4 Rc7 32. bxc5 bxc5 33. Nd6+ Ke6 34. Nb5 Rcxd7 35. Re4+ Kf7 36. Rxd7+ Rxd7 37. Kf2 Rd2+ 38. Kf3 Rxa2 39. Nd6+ Kg6 40. h4 f5 41. Re6+ Kh5 42. Kg3 g6 43. Kh3 Ra3+ 44. g3 f4 45. Re7 Rxg3+ 46. Kh2 h6 47. Re5+ g5 48. hxg5 hxg5 49. Nf5 Ra3 50. Ng7+ Kg6 51. Ne6 Ra2+ 52. Kh3 Ra3+ 53. Kg4 Rg3# 0-1

[Event "Swiss Queens Wed #9"]
[Site "FIDE Online Arena INT"]
[Date "2024.03.27"]
[Round "10"]
[White "Narahari, Akshaya"]
[Black "Golsta, Ramona"]
[Result "0-1"]
[WhiteElo "1466"]
[BlackElo "1867"]
[PlyCount "144"]
[EventDate "2024.03.27"]
[EventType "swiss (blitz)"]
[EventRounds "11"]
[EventCountry "NET"]
[SourceTitle "CB14_2024"]
[SourceDate "2024.04.01"]
[SourceVersion "1"]
[SourceVersionDate "2024.04.01"]
[SourceQuality "1"]

1. e4 c5 2. Nf3 Nc6 3. d4 cxd4 4. Nxd4 Nf6 5. Nc3 e5 6. Ndb5 d6 7. Bg5 a6 8. Na3 b5 9. Nd5 Be7 10. Bxf6 Bxf6 11. c4 b4 12. Nc2 0-0 13. Ncxb4 Nxb4 14. Nxb4 Qb6 15. Qd2 Rb8 16. Nd5 Qxb2 17. Qxb2 Rxb2 18. Nxf6+ gxf6 19. Bd3 Be6 20. 0-0 Rfb8 21. Rfc1 Rd2 22. Bf1 Rbb2 23. f3 f5 24. a3 fxe4 25. fxe4 f5 26. exf5 Bxf5 27. c5 Be4 28. cxd6 Bxg2 29. d7 Bxf1 30. Rc8+ Kg7 31. d8Q Rxd8 32. Rxd8 Bh3 33. Re8 Re2 34. Rc1 e4 35. Rc7+ Kh6 36. Rh8 Bf5 37. Rf8 Bg6 38. Rf6 e3 39. Re6 Kg5 40. Rce7 Kf4 41. Rxa6 Re1+ 42. Kg2 Be4+ 43. Kh3 Bf5+ 44. Kh4 Rh1 45. Ra4+ Kf3 46. Kg5 Bc2 47. Rf4+ Ke2 48. Rf6 Rxh2 49. Rfe6 Rg2+ 50. Kf4 Rf2+ 51. Kg3 Rf3+ 52. Kg2 Rf2+ 53. Kg1 Rf1+ 54. Kg2 Rf2+ 55. Kg3 Rf3+ 56. Kg4 Bf5+ 57. Kg5 Bxe6 58. Rxe6 Kd2 59. a4 e2 60. a5 e1Q 61. Rxe1 Kxe1 62. a6 Ra3 63. a7 Rxa7 64. Kh6 Kf2 65. Kh5 Kg3 66. Kh6 Kf4 67. Kh5 Kf5 68. Kh6 Rb7 69. Kh5 Rb6 70. Kh4 Kf4 71. Kh5 Rc6 72. Kh4 Rh6# 0-1

[Event "Swiss Queens Wed #8"]
[Site "FIDE Online Arena INT"]
[Date "2024.03.20"]
[Round "11"]
[White "Golsta, Ramona"]
[Black "Hrebenshchykova, Yelyzaveta"]
[Result "0-1"]
[WhiteElo "1867"]
[BlackElo "2288"]
[PlyCount "68"]
[EventDate "2024.03.20"]
[EventType "swiss (blitz)"]
[EventRounds "11"]
[EventCountry "NET"]
[SourceTitle "CB13_2024"]
[SourceDate "2024.03.27"]
[SourceVersion "1"]
[SourceVersionDate "2024.03.27"]
[SourceQuality "1"]

1. d4 Nf6 2. c4 g6 3. Nc3 Bg7 4. e4 d6 5. f3 0-0 6. Be3 e5 7. d5 c6 8. Bd3 a6 9. Nge2 cxd5 10. cxd5 b5 11. a3 Nbd7 12. Qd2 Nb6 13. 0-0 Bd7 14. b3 Qb8 15. Kh1 Rc8 16. Rac1 Be8 17. Rc2 Nfd7 18. Rfc1 Nc5 19. Bxc5 dxc5 20. Ng3 Qd6 21. a4 bxa4 22. Nxa4 Nxa4 23. bxa4 Bxa4 24. Ra2 Bb3 25. Ra5 c4 26. Bc2 Bf8 27. Bxb3 cxb3 28. Rxc8 Rxc8 29. h3 Qb4 30. Qxb4 Bxb4 31. Rxa6 b2 32. Rc6 b1Q+ 33. Kh2 Rxc6 34. dxc6 Qc1 0-1

[Event "Swiss Queens Wed #8"]
[Site "FIDE Online Arena INT"]
[Date "2024.03.20"]
[Round "8"]
[White "Golsta, Ramona"]
[Black "Shanmathi Sree, S."]
[Result "0-1"]
[WhiteElo "1867"]
[BlackElo "1802"]
[PlyCount "112"]
[EventDate "2024.03.20"]
[EventType "swiss (blitz)"]
[EventRounds "11"]
[EventCountry "NET"]
[SourceTitle "CB13_2024"]
[SourceDate "2024.03.27"]
[SourceVersion "1"]
[SourceVersionDate "2024.03.27"]
[SourceQuality "1"]

1. d4 d6 2. c4 Nf6 3. Nc3 g6 4. e4 Bg7 5. f3 0-0 6. Bd3 c5 7. d5 e6 8. Nge2 exd5 9. cxd5 Nbd7 10. 0-0 Ne5 11. Bc2 a6 12. Bg5 h6 13. Bh4 Qb6 14. Na4 Qa5 15. Kh1 b5 16. Nac3 Nc4 17. Qc1 b4 18. Nd1 Nd7 19. Rb1 Re8 20. Bd3 Ncb6 21. a3 b3 22. Ne3 Ne5 23. Qd1 c4 24. Be1 Qc5 25. Nxc4 Nbxc4 26. Rc1 Nxd3 27. Qxd3 Nxb2 28. Qxb3 Qb5 29. Qxb5 axb5 30. Bb4 Nd3 31. Rc6 Nxb4 32. axb4 Bf8 33. Nc3 Bd7 34. Rc7 Red8 35. Ne2 Bg7 36. Nf4 Be8 37. Rfc1 h5 38. h3 Bh6 39. g3 h4 40. Kg2 hxg3 41. Kxg3 Ra2 42. R1c3 Ra1 43. h4 Rg1+ 44. Ng2 Kg7 45. Kf2 Ra1 46. f4 Ra2+ 47. Kf3 Bd7 48. Ne3 Ra1 49. Rc2 Rh1 50. Ng2 Rh3+ 51. Kf2 Ra3 52. Ne3 Bxf4 53. Ng2 Bg3+ 54. Kg1 Ra1+ 55. Rc1 Rxc1+ 56. Rxc1 Bh3 0-1

[Event "Swiss Queens Wed #8"]
[Site "FIDE Online Arena INT"]
[Date "2024.03.20"]
[Round "7"]
[White "Milner, Romi"]
[Black "Golsta, Ramona"]
[Result "1-0"]
[WhiteElo "1830"]
[BlackElo "1867"]
[PlyCount "65"]
[EventDate "2024.03.20"]
[EventType "swiss (blitz)"]
[EventRounds "11"]
[EventCountry "NET"]
[SourceTitle "CB13_2024"]
[SourceDate "2024.03.27"]
[SourceVersion "1"]
[SourceVersionDate "2024.03.27"]
[SourceQuality "1"]

1. d4 Nf6 2. Bf4 d5 3. Nf3 e6 4. e3 Bd6 5. Bg3 c5 6. Nbd2 Ne4 7. Nxe4 dxe4 8. Ne5 Nc6 9. Nxc6 bxc6 10. dxc5 Bxg3 11. Qxd8+ Kxd8 12. hxg3 Ke7 13. Bc4 Rb8 14. Rb1 e5 15. a3 Be6 16. Bxe6 Kxe6 17. Rh4 f5 18. g4 f4 19. exf4 exf4 20. Rh3 Rb5 21. b4 a5 22. c4 Rb7 23. b5 cxb5 24. Rxb5 Rxb5 25. cxb5 Kd5 26. Rc3 Kd4 27. Rc1 Rb8 28. b6 Kd5 29. c6 Rxb6 30. c7 e3 31. c8Q exf2+ 32. Kxf2 Rb2+ 33. Kg1 1-0

[Event "Swiss Queens Wed #8"]
[Site "FIDE Online Arena INT"]
[Date "2024.03.20"]
[Round "5"]
[White "Narva, Triin"]
[Black "Golsta, Ramona"]
[Result "1-0"]
[WhiteElo "2104"]
[BlackElo "1867"]
[PlyCount "43"]
[EventDate "2024.03.20"]
[EventType "swiss (blitz)"]
[EventRounds "11"]
[EventCountry "NET"]
[SourceTitle "CB13_2024"]
[SourceDate "2024.03.27"]
[SourceVersion "1"]
[SourceVersionDate "2024.03.27"]
[SourceQuality "1"]

1. e4 c5 2. Nf3 d6 3. Bb5+ Bd7 4. Bxd7+ Nxd7 5. 0-0 Ngf6 6. Qe2 g6 7. c3 Bg7 8. Rd1 0-0 9. d4 cxd4 10. cxd4 Rc8 11. Nc3 Nb6 12. e5 Nfd5 13. Ne4 dxe5 14. dxe5 Qc7 15. e6 Nf4 16. Bxf4 Qxf4 17. exf7+ Rxf7 18. Neg5 Rff8 19. Ne6 Qf6 20. Nxf8 Rxf8 21. Rac1 Na4 22. Qc4+ 1-0

[Event "Swiss Queens Wed #8"]
[Site "FIDE Online Arena INT"]
[Date "2024.03.20"]
[Round "1"]
[White "Vantika, Agrawal"]
[Black "Golsta, Ramona"]
[Result "0-1"]
[WhiteElo "2398"]
[BlackElo "1867"]
[PlyCount "60"]
[EventDate "2024.03.20"]
[EventType "swiss (blitz)"]
[EventRounds "11"]
[EventCountry "NET"]
[SourceTitle "CB13_2024"]
[SourceDate "2024.03.27"]
[SourceVersion "1"]
[SourceVersionDate "2024.03.27"]
[SourceQuality "1"]

1. d4 d5 2. Nf3 Nf6 3. e3 e6 4. Bd3 c5 5. c3 Be7 6. Nbd2 0-0 7. 0-0 Nc6 8. Qe2 cxd4 9. exd4 b6 10. Ne5 Bb7 11. Ndf3 Nxe5 12. dxe5 Ne4 13. Nd4 Nc5 14. Bc2 Qc7 15. a4 Ba6 16. Nb5 Qd7 17. Rd1 Bxb5 18. axb5 Qb7 19. b4 Nd7 20. Bf4 Qc7 21. Rd3 f6 22. Rh3 f5 23. Qh5 Nxe5 24. Qxh7+ Kf7 25. Qh5+ Kg8 26. Re1 Bd6 27. Qh7+ Kf7 28. Rg3 Ke8 29. Rxg7 Qxc3 30. Bxe5 Qxe1# 0-1

[Event "Swiss Queens Wed #7"]
[Site "FIDE Online Arena INT"]
[Date "2024.03.13"]
[Round "9"]
[White "Golsta, Ramona"]
[Black "Lakshmi, Priya Batta"]
[Result "0-1"]
[WhiteElo "1867"]
[BlackElo "1420"]
[PlyCount "136"]
[EventDate "2024.03.13"]
[EventType "swiss (blitz)"]
[EventRounds "11"]
[EventCountry "NET"]
[SourceTitle "CB12_2024"]
[SourceDate "2023.10.01"]
[SourceVersion "1"]
[SourceVersionDate "2023.10.01"]
[SourceQuality "1"]

1. d4 d5 2. Nf3 c6 3. e3 Bf5 4. Bd3 Bxd3 5. cxd3 Nf6 6. 0-0 e6 7. Re1 Bd6 8. e4 dxe4 9. dxe4 Be7 10. Nc3 Nbd7 11. Bg5 h6 12. Bh4 0-0 13. Rc1 c5 14. d5 exd5 15. exd5 Nb6 16. Bxf6 Bxf6 17. d6 Nc4 18. Ne4 Nxb2 19. Nxf6+ Qxf6 20. Qc2 Rad8 21. Rb1 Rxd6 22. Rxb2 Rb6 23. Rxb6 Qxb6 24. Rb1 Qc6 25. Ne5 Qd5 26. Nd3 c4 27. Nf4 Qc6 28. Rc1 Rc8 29. a4 b5 30. axb5 Qxb5 31. h3 a5 32. Rb1 Qa6 33. Nd5 Qe6 34. Nb6 Rb8 35. Na4 Rxb1+ 36. Qxb1 Qc6 37. Qc2 Qb5 38. Nb2 Qb4 39. Nxc4 a4 40. Nd2 a3 41. Nb3 Qa4 42. Na1 Qxc2 43. Nxc2 a2 44. Na1 Kf8 45. Kf1 Ke7 46. Ke2 Kd6 47. Kd2 Kd5 48. Kc2 Kc4 49. Kb2 Kd3 50. Kxa2 Ke2 51. Nc2 Kxf2 52. g4 Kg3 53. Ne3 Kxh3 54. Kb3 g6 55. Kc4 h5 56. gxh5 gxh5 57. Kd3 Kg3 58. Nf5+ Kg4 59. Nh6+ Kg3 60. Nxf7 h4 61. Ke2 h3 62. Ne5 h2 63. Nd3 h1Q 64. Nf2 Qf3+ 65. Kd2 Qxf2+ 66. Kd3 Qe1 67. Kd4 Kf4 68. Kd5 Qe5+ 0-1

[Event "Swiss Queens Wed #7"]
[Site "FIDE Online Arena INT"]
[Date "2024.03.13"]
[Round "7"]
[White "Golsta, Ramona"]
[Black "Shanmathi Sree, S."]
[Result "0-1"]
[WhiteElo "1867"]
[BlackElo "1802"]
[PlyCount "54"]
[EventDate "2024.03.13"]
[EventType "swiss (blitz)"]
[EventRounds "11"]
[EventCountry "NET"]
[SourceTitle "CB12_2024"]
[SourceDate "2023.10.01"]
[SourceVersion "1"]
[SourceVersionDate "2023.10.01"]
[SourceQuality "1"]

1. d4 d6 2. Nf3 Nf6 3. c4 c6 4. Nc3 g6 5. e4 Bg7 6. Bd3 Qc7 7. 0-0 e5 8. d5 0-0 9. Bg5 h6 10. Bxf6 Bxf6 11. Rc1 Bg7 12. b4 f5 13. c5 dxc5 14. d6 Qd8 15. bxc5 Be6 16. Qc2 Nd7 17. Rfd1 f4 18. Ne2 Qa5 19. Bc4 Nxc5 20. Bxe6+ Nxe6 21. Qc4 Rf6 22. d7 Kh7 23. Rd6 Nf8 24. Rxf6 Bxf6 25. Qf7+ Bg7 26. Rd1 Rd8 27. Nh4 Rxd7 0-1

[Event "Swiss Queens Wed #7"]
[Site "FIDE Online Arena INT"]
[Date "2024.03.13"]
[Round "1"]
[White "Golsta, Ramona"]
[Black "Vantika, Agrawal"]
[Result "0-1"]
[WhiteElo "1867"]
[BlackElo "2398"]
[PlyCount "42"]
[EventDate "2024.03.13"]
[EventType "swiss (blitz)"]
[EventRounds "11"]
[EventCountry "NET"]
[SourceTitle "CB12_2024"]
[SourceDate "2023.10.01"]
[SourceVersion "1"]
[SourceVersionDate "2023.10.01"]
[SourceQuality "1"]

1. d4 Nf6 2. Nf3 g6 3. c4 Bg7 4. Nc3 0-0 5. e4 d6 6. Be2 Nbd7 7. 0-0 e5 8. d5 Nc5 9. Bg5 h6 10. Bxf6 Bxf6 11. b4 Nd7 12. Rc1 Bg7 13. Nd2 f5 14. f3 h5 15. Na4 Bh6 16. c5 h4 17. c6 bxc6 18. Rxc6 Nf6 19. Qc2 Bd7 20. Rc3 Bxa4 21. Qxa4 Bxd2 0-1

[Event "Swiss Queens Wed #5"]
[Site "FIDE Online Arena INT"]
[Date "2024.02.28"]
[Round "4"]
[White "Aishwarya, N."]
[Black "Golsta, Ramona"]
[Result "1-0"]
[WhiteElo "1137"]
[BlackElo "1784"]
[PlyCount "53"]
[EventDate "2024.02.28"]
[EventType "swiss (blitz)"]
[EventRounds "11"]
[EventCountry "NET"]
[SourceTitle "CB10_2024"]
[SourceDate "2024.03.06"]
[SourceVersion "1"]
[SourceVersionDate "2024.03.06"]
[SourceQuality "1"]

1. d4 d5 2. Nf3 e6 3. c4 Nf6 4. Nc3 c5 5. cxd5 exd5 6. e3 cxd4 7. exd4 Nc6 8. Bb5 a6 9. Ba4 b5 10. Bc2 Qe7+ 11. Be3 Bg4 12. 0-0 Qd7 13. Bg5 Bxf3 14. Qxf3 Nxd4 15. Qe3+ Ne6 16. Bxf6 gxf6 17. f4 d4 18. Qe4 dxc3 19. Qxa8+ Ke7 20. bxc3 Bg7 21. Qe4 Kf8 22. f5 Nc5 23. Qb4 Qa7 24. Kh1 Kg8 25. Rad1 Bf8 26. Qg4+ Bg7 27. Rd8# 1-0

[Event "Swiss Queens Wed #5"]
[Site "FIDE Online Arena INT"]
[Date "2024.02.28"]
[Round "11"]
[White "Golsta, Ramona"]
[Black "Tripurambika, V."]
[Result "1-0"]
[WhiteElo "1784"]
[BlackElo "1329"]
[PlyCount "55"]
[EventDate "2024.02.28"]
[EventType "swiss (blitz)"]
[EventRounds "11"]
[EventCountry "NET"]
[SourceTitle "CB10_2024"]
[SourceDate "2024.03.06"]
[SourceVersion "1"]
[SourceVersionDate "2024.03.06"]
[SourceQuality "1"]

1. d4 d5 2. Nf3 Nf6 3. g3 e6 4. Bg2 c5 5. c3 Nc6 6. 0-0 Be7 7. Bf4 0-0 8. Nbd2 b6 9. Ne5 Bb7 10. Nxc6 Bxc6 11. c4 cxd4 12. Nb3 Ba4 13. cxd5 Nxd5 14. Qxd4 Bxb3 15. axb3 Bf6 16. Be5 Rc8 17. Rfd1 Bxe5 18. Qxe5 Rc5 19. b4 Nxb4 20. Rxd8 Rxe5 21. Rd7 Rxe2 22. Raxa7 Rxb2 23. Bh3 Rb1+ 24. Kg2 Nd5 25. Bxe6 Nf6 26. Rxf7 Rxf7 27. Ra8+ Ne8 28. Rxe8# 1-0

[Event "Swiss Queens Wed #4"]
[Site "FIDE Online Arena INT"]
[Date "2024.02.21"]
[Round "11"]
[White "Pinto, Niyola"]
[Black "Golsta, Ramona"]
[Result "1-0"]
[WhiteElo "1015"]
[BlackElo "1784"]
[PlyCount "159"]
[EventDate "2024.02.21"]
[EventType "swiss (blitz)"]
[EventRounds "11"]
[EventCountry "NET"]
[SourceTitle "CB09_2024"]
[SourceDate "2024.02.28"]
[SourceVersion "1"]
[SourceVersionDate "2024.02.28"]
[SourceQuality "1"]

1. d4 Nf6 2. e3 g6 3. Bd3 Bg7 4. f4 d5 5. Nf3 c5 6. c3 Nc6 7. 0-0 0-0 8. Nbd2 Bg4 9. Qe1 c4 10. Bc2 Bf5 11. Bxf5 gxf5 12. Qg3 Kh8 13. Ne5 Nxe5 14. fxe5 Ne4 15. Nxe4 fxe4 16. Rf4 Qd7 17. Rg4 Rg8 18. Qh3 Qe6 19. Bd2 f5 20. exf6 Bxf6 21. Rxg8+ Qxg8 22. Qd7 Qg6 23. Qxb7 Rg8 24. g3 Bh4 25. Be1 Qg5 26. Bf2 Qh5 27. Qxa7 Qf3 28. Qc5 e6 29. Qd6 Qf5 30. Qf4 Qxf4 31. exf4 Bf6 32. Kf1 h5 33. a4 h4 34. gxh4 Rg4 35. Bg3 Bxh4 36. a5 Bxg3 37. hxg3 Rxg3 38. Ra4 Rf3+ 39. Ke2 Rxf4 40. a6 Rf8 41. a7 Ra8 42. Ra6 Kg7 43. Rxe6 Rxa7 44. Rd6 Rb7 45. Rxd5 Rxb2+ 46. Kd1 Rb3 47. Kc2 Kf6 48. Re5 Ra3 49. Rxe4 Ra2+ 50. Kb1 Ra3 51. Kb2 Rb3+ 52. Kc2 Ra3 53. d5 Ra2+ 54. Kb1 Ra4 55. Kb2 Kf5 56. Re1 Ra5 57. Rd1 Rb5+ 58. Kc2 Ke5 59. Rd4 Rc5 60. d6 Rc8 61. d7 Rd8 62. Rxc4 Rxd7 63. Rc5+ Kd6 64. Ra5 Rc7 65. Kb3 Kc6 66. c4 Rb7+ 67. Rb5 Rc7 68. Kb4 Kd6 69. Rd5+ Ke6 70. Kb5 Rb7+ 71. Kc6 Rb4 72. c5 Ra4 73. Rd6+ Ke7 74. Kb5 Ra1 75. Kc6 Ra6+ 76. Kd5 Rxd6+ 77. cxd6+ Kd7 78. Kc5 Kc8 79. Kc6 Kd8 80. d7 1-0

[Event "Swiss Queens Wed #2"]
[Site "FIDE Online Arena INT"]
[Date "2024.02.07"]
[Round "11"]
[White "Michelle, Catherina P"]
[Black "Golsta, Ramona"]
[Result "1-0"]
[WhiteElo "2156"]
[BlackElo "1784"]
[PlyCount "55"]
[EventDate "2024.02.07"]
[EventType "swiss (blitz)"]
[EventRounds "11"]
[EventCountry "NET"]
[SourceTitle "CB07_2024"]
[SourceDate "2024.02.14"]
[SourceVersion "1"]
[SourceVersionDate "2024.02.14"]
[SourceQuality "1"]

1. d4 g6 2. e4 Bg7 3. Nc3 d6 4. Be3 Nf6 5. Qd2 0-0 6. h3 c5 7. Nf3 cxd4 8. Nxd4 Nc6 9. f3 Nxd4 10. Bxd4 Bd7 11. g4 Bc6 12. h4 d5 13. e5 Nd7 14. f4 e6 15. h5 Re8 16. 0-0-0 g5 17. h6 Bh8 18. Bd3 f6 19. exf6 Bxf6 20. Bxf6 Qxf6 21. fxg5 Qe7 22. g6 d4 23. gxh7+ Kh8 24. Ne4 Nf6 25. Nxf6 Qxf6 26. Rhf1 Qe5 27. g5 Rf8 28. g6 1-0

[Event "Swiss Queens Wed #1"]
[Site "FIDE Online Arena INT"]
[Date "2024.01.31"]
[Round "3"]
[White "Golsta, Ramona"]
[Black "Abrahamyan, Tatev"]
[Result "0-1"]
[WhiteElo "1770"]
[BlackElo "2311"]
[PlyCount "40"]
[EventDate "2024.01.31"]
[EventType "swiss (blitz)"]
[EventRounds "11"]
[EventCountry "NET"]
[SourceTitle "CB06_2024"]
[SourceDate "2024.02.07"]
[SourceVersion "1"]
[SourceVersionDate "2024.02.07"]
[SourceQuality "1"]

1. d4 Nf6 2. c4 e6 3. Nc3 Bb4 4. f3 c5 5. d5 0-0 6. e4 Re8 7. Nge2 d6 8. Bg5 exd5 9. cxd5 h6 10. Bxf6 Qxf6 11. Qc2 Nd7 12. a3 Ba5 13. 0-0-0 b5 14. Nxb5 Rb8 15. Nbc3 Ne5 16. Ng3 c4 17. Be2 Ba6 18. Rhf1 Rec8 19. f4 Nd3+ 20. Bxd3 cxd3 0-1